|
|
|
|
| LEADER |
01274nam a2200337 a 4500 |
| 001 |
11979354 |
| 008 |
110111s20002005mau b 001 0 eng d |
| 010 |
|
|
|a 00032461
|
| 020 |
|
|
|a 8120325508
|
| 020 |
|
|
|a 9788120325500
|
| 020 |
|
|
|a 8120325508
|
| 020 |
|
|
|a 0262161974 (hc. : alk. paper)
|
| 040 |
|
|
|a DLC
|c DLC
|d DLC
|d BD-DhAAL
|
| 042 |
|
|
|a pcc
|
| 082 |
0 |
0 |
|a 572.8
|2 21
|
| 999 |
|
|
|c 10326
|d 10326
|
| 999 |
|
|
|c 10326
|
| 100 |
1 |
|
|a Pevzner, Pavel.
|9 947
|
| 245 |
1 |
0 |
|a Computational molecular biology :
|b an algorithmic approach /
|c Pavel A. Pevzner.
|
| 260 |
|
|
|a Cambridge, Mass. :
|b MIT Press ;
|a New Delhi :
|b Prentice-hall,
|c c2000.[reprinted 2005]
|
| 300 |
|
|
|a xviii, 314 p. ;
|c 24 cm.
|
| 490 |
1 |
|
|a Computational molecular biology
|
| 504 |
|
|
|a Includes bibliographical references (p. 275-307) and index.
|
| 541 |
1 |
|
|e 00021727
|
| 650 |
|
0 |
|a Molecular biology
|x Mathematical models.
|9 948
|
| 650 |
|
0 |
|a DNA microarrays.
|9 949
|
| 650 |
|
0 |
|a Algorithms.
|9 950
|
| 830 |
|
0 |
|a Computational molecular biology series
|9 951
|
| 852 |
|
|
|a Ayesha Abed library
|c General Shelf.
|
| 942 |
|
|
|2 ddc
|c BK
|
| 952 |
|
|
|0 0
|1 1
|2 ddc
|4 0
|6 572_800000000000000_PEV
|7 0
|9 13916
|a BRACUL
|b BRACUL
|c GEN
|d 2011-01-16
|g 595.00
|l 5
|m 17
|o 572.8 PEV
|p 3010021727
|r 2018-09-09
|s 2018-09-09
|t 1
|v 1190.00
|w 2011-01-16
|y BK
|